| 000 | 01038nam2a22002291 4500 | ||
|---|---|---|---|
| 001 | v19\rc\1243051 | ||
| 005 | 20250617233019.0 | ||
| 035 | _a(NLR Aleph) 004400672 | ||
| 090 |
_a3874284 _c3874284 |
||
| 100 | _a20060306d1900 |||y0rusy50 ca | ||
| 101 | 0 | _arus | |
| 102 | _aRU | ||
| 105 | _ay z ||||| | ||
| 200 | 0 |
_aза 1899 год _eС 1-го февраля по 31-е декабря _e18-й отчетный год |
|
| 210 |
_d1900 _aБ. м. |
||
| 215 | _a[2], 23, 34 с. | ||
| 461 | 0 |
_1001v19\rc\1243036 _12001#$aОтчет...$fО-во взаимного вспоможения наборщиков г. Харькова$vза 1899 год$90 _93874092 _aХарьковское общество взаимного вспоможения наборщиков _cХарьков _d1886-1915 _fО-во взаимного вспоможения наборщиков г. Харькова _tОтчет... _vза 1899 год$90 |
|
| 801 | 0 |
_aRU _bNLR _gpsbo |
|
| 801 | 1 |
_aRU _bProSoft-M _2rusmarc |
|
| 852 |
_aNLR _j18.188.1.501 |
||
| 942 | _cBOOK | ||
| 980 | _aNB | ||